| 000 | 03613nam a22004097a 4500 | ||
|---|---|---|---|
| 005 | 20090102122541.0 | ||
| 008 | 090102t xxu||||| |||| 00| 0 hin d | ||
| 010 | _aB-309538 | ||
| 020 |
_c15.00 _a9788123752211 |
||
| 035 | _aB-309538 | ||
| 035 | _aB-375220-228 | ||
| 037 | _bDBAD / PUB | ||
| 037 | _bतरूण बुक्स/ VEN | ||
| 040 |
_aDPL _bHN |
||
| 082 | _aक | ||
| 100 |
_aसेनगुप्ता, युधाजीत _917537 |
||
| 245 |
_aतितली का बचपन / _cयुधाजीत सेनगुप्ता; ब्रतीन दे द्वारा अनुदित |
||
| 246 |
_aTitali Ka Bachapan _bby Udhajeet Sengupta |
||
| 260 |
_aनई दिल्ली _bनेशनल बुक ट्रस्ट _c2008 |
||
| 270 |
_aप्लॉट नं.-5 , इंस्टीट्यूशन एरिया,फेज-II _bनई दिल्ली _e110070 |
||
| 300 |
_aअ. पृ. _c22 सेमी (अजिल्द) _bसचित्र |
||
| 650 | _2हिन्दी बाल कहानियाँ | ||
| 650 | _2 Hindi Children Stories | ||
| 700 |
_aदे, ब्रतीन _917538 |
||
| 942 |
_2ddc _cCH _mसेनगु _hक |
||
| 999 |
_c20931 _d20931 |
||